LEADER 01239nam a2200277 u 4500 001 000000016056 003 CaOOAMICUS 005 20070226105941.0 008 931210s1975 it u000 u ita u 035 $a10376504 040 $aPUL$bita 041 1 $aita$heng 100 1 $aBrown, Peter Robert Lamont,$d1935-$0(OLS)http://pul/name/10649 240 00$aReligion and society in the age of Saint Augustine.$lItaliano.$0(OLS)http://pul/title/22938 245 10$aReligione e società nell'età di sant'Agostino /$cPeter Brown. 260 $aTorino :$bGiulio Einaudi,$c1975. 300 $aviii, 335 p. ;$c22 cm 490 1 $aBiblioteca di cultura storica (Einaudi) ;$v127 500 $aComprende indici. 650 4$aChiesa$zStoria$yChiesa primitiva, ca. 30-600$vRaccolte.$0(OLS)http://pul/subject/4901 830 0$aBiblioteca di cultura storica (Einaudi) ;$v127.$0(OLS)http://pul/title/1254 850 $aPUL 852 $aPUL$W1$xSL Religione 1$y3$m24 H 17$j22627$nBK-PRI$b $qStampati$B22627$CPULBib$Z2$F22627 $H $81 941 1 $a8 996 $6245$aReligione e società nell'età di sant'Agostino$9(OLS)http://pul/title/22939 996 $6260$aTorino :$bGiulio Einaudi$9(OLS)http://pul/publisher/54573 LEADER 01228nam a2200289 a 4500 001 000000145568 003 CaOOAMICUS 005 20150909111321.0 008 150909s2005 it u000 u ita r 020 $a88-01-02972-1 040 $aPUL$bita 041 1 $aita$hfre 100 1 $aLagarde, Claude.$0(OLS)http://pul/name/92787 240 10$aAnimer une équipe en catéchese.$lItaliano.$0(OLS)http://pul/title/184088 245 10$aAnimare un gruppo in catechesi :$binfanzia e fanciullezza (4-12 anni) /$cClaude e Jacqueline Lagarde. 260 $aLeumann (TO) :$bElledici,$c©2005. 300 $a151 p. ;$c21 cm. 650 4$aCatechesi.$0(OLS)http://pul/subject/4492 700 1 $aLagarde, Jacqueline.$0(OLS)http://pul/name/92788 850 $aPUL 852 $aPUL$W1$xDP1 Fondo S. Lanza$y121$m3 P 61$j168301$qFondi$B168902$CPULBib$Z2$F168902 $HLan800 $82 941 1 $a1 961 $aNota ms. di possesso: Sergio Lanza 996 $6020$a88-01-02972-1$9(OLS)http://pul/number/158549 996 $6245$aAnimare un gruppo in catechesi :$binfanzia e fanciullezza (4-12 anni)$9(OLS)http://pul/title/184089 996 $6260$aLeumann (TO) :$bElledici$9(OLS)http://pul/publisher/79122